[Ekonomika vzdelávania]

Recenzia na monografiu, ktorá v šiestich kapitolách rozoberá problematiku vzdelávania z najnovších pohľadov a prístupov, a to v širších ekonomických súvislostiach.

Na minha lista:
Detalhes bibliográficos
Autor principal: Stanek, Vojtech
Formato: Capítulo de Livro
Idioma:eslovaco
Assuntos:
Tags: Adicionar Tag
Sem tags, seja o primeiro a adicionar uma tag!

MARC

LEADER 00000naa$a2200000$$$4500
001 0113222
005 20240502072246.7
041 0 |a slo 
044 |a SK 
245 1 0 |a [Ekonomika vzdelávania]  |c Vojtech Stanek 
520 |a Recenzia na monografiu, ktorá v šiestich kapitolách rozoberá problematiku vzdelávania z najnovších pohľadov a prístupov, a to v širších ekonomických súvislostiach. 
610 2 0 |a recenzie 
610 2 0 |a vzdelávanie 
610 2 0 |a ekonómia 
610 2 0 |a kapitál ľudský 
610 2 0 |a výchova 
100 1 |a Stanek, Vojtech